000 00349nam a2200145Ia 4500
100 _aRalls/ K.M./ Courtney/J.H.
650 _aElectrical Engineering
942 _cBK
654 _aEngineering
245 _aMaterial Science and Engineering
260 _bWiley eastern
_aNew Delhi
_c1978
082 _a620.112
300 _a763
546 _aENGLISH
999 _c21240
_d21240